Handbook of conservation and solar energy : trends and perspectives /
Saved in:
| Main Author: | |
|---|---|
| Format: | Book |
| Language: | English |
| Published: |
New York :
Van Nostrand Reinhold,
c1982.
|
| Subjects: | |
| Tags: |
Add Tag
No Tags, Be the first to tag this record!
|
| LEADER | 01218pam a2200301 a 4500 | ||
|---|---|---|---|
| 001 | 001040822-3 | ||
| 005 | 20020606090541.3 | ||
| 008 | 810609s1982 nyua b 00110 eng | ||
| 010 | |a 81011706 | ||
| 020 | |a 0442200560 | ||
| 035 | 0 | |a ocm07574543 | |
| 040 | |a DLC |c DLC | ||
| 050 | 0 | 0 | |a TJ163.3 |b .H86 1982 |
| 100 | 1 | |a Hunt, V. Daniel. | |
| 245 | 1 | 0 | |a Handbook of conservation and solar energy : |b trends and perspectives / |c V. Daniel Hunt. |
| 260 | 0 | |a New York : |b Van Nostrand Reinhold, |c c1982. | |
| 300 | |a xix, 385 p. : |b ill. ; |c 27 cm. | ||
| 500 | |a Includes index. | ||
| 504 | |a Bibliography: p. 373-375. | ||
| 650 | 0 | |a Energy conservation |x Handbooks, manuals, etc. | |
| 650 | 0 | |a Solar energy |x Handbooks, manuals, etc. | |
| 655 | 7 | |a Handbooks, manuals, etc. |2 fast | |
| 655 | 7 | |a Handbooks and manuals. |2 fast | |
| 655 | 7 | |a Handbooks and manuals. |2 fast |0 (OCoLC)fst01423877 | |
| 776 | 0 | 8 | |i Online version: |a Hunt, V. Daniel. |t Handbook of conservation and solar energy. |d New York : Van Nostrand Reinhold, c1982 |w (OCoLC)644187472 |
| 776 | 0 | 8 | |i Online version: |a Hunt, V. Daniel. |t Handbook of conservation and solar energy. |d New York : Van Nostrand Reinhold, ©1982 |w (OCoLC)644187472 |
| 988 | |a 20020608 | ||
| 906 | |0 DLC | ||


